Statistics for Most-Visited Countries by Colombians

Click here to take the quiz!

General Stats

  • This quiz has been taken 55 times
  • The average score is 7 of 10

Answer Stats

Visits Country % Correct
1,241,956United States
100%
424,053Panama
83%
396,083Mexico
71%
361,638Spain
67%
161,007Peru
67%
300,540Ecuador
65%
174,332Venezuela
56%
91,433Brazil
56%
79,880Argentina
56%
121,392Chile
50%

Score Distribution

Percentile by Number Answered

Percent of People with Each Score

Your Score History

You have not taken this quiz